KOHA-Header-6

The Corporate Governance Landscape of Pakistan (Record no. 14015)

000 -LEADER
fixed length control field 00297nam a22001217a 4500
020 ## - INTERNATIONAL STANDARD BOOK NUMBER
ISBN 97801994040025
082 ## - DEWEY DECIMAL CLASSIFICATION NUMBER
Classification number 658
100 ## - MAIN ENTRY--AUTHOR NAME
Personal name Sadia Khan
245 ## - TITLE STATEMENT
Title The Corporate Governance Landscape of Pakistan
260 ## - PUBLICATION, DISTRIBUTION, ETC. (IMPRINT)
Place of publication Pakistan
Name of publisher Oxford University Press
Year of publication 2017
300 ## - PHYSICAL DESCRIPTION
Number of Pages 245 pages
942 ## - ADDED ENTRY ELEMENTS (KOHA)
Koha item type Books
Holdings
Withdrawn status Lost status Collection code Permanent Location Current Location Shelving location Date acquired Full call number Accession Number Koha item type
    Finance MAJU MAJU Shelf No.A44 2025-06-04 658 7920 Books

Powered by Koha